Normal view
MARC view
Entry Personal Name
001 - CONTROL NUMBER
- control field: 33970
003 - CONTROL NUMBER IDENTIFIER
- control field: dpl
005 - DATE AND TIME OF LATEST TRANSACTION
- control field: 20110830103656.0
008 - FIXED-LENGTH DATA ELEMENTS
- fixed length control field: 110830|||a|||||| | ||| d
040 ## - CATALOGING SOURCE
- Original cataloging agency: dpl
- Transcribing agency: dpl
100 ## - HEADING--PERSONAL NAME
- Personal name: राहुल
670 ## - SOURCE DATA FOUND
- Source citation: Work cat.: (dpl): राहुल, संकल्पः साक्षरता-सन्दर्भ /, 2009
670 ## - SOURCE DATA FOUND
- Source citation: Work cat.: (dpl): राहुल, संकल्पः साक्षरता-सन्दर्भ /, 2009
